[Event "GER-ch41 V03 email"]
[Site "GER email"]
[Date "2010.??.??"]
[Round "?"]
[White "Hirmer, Matthias"]
[Black "Hempel, Reinhard"]
[Result "1/2-1/2"]
[WhiteElo "2170"]
[BlackElo "1931"]
[PlyCount "128"]
[EventDate "2010.??.??"]
[EventType "tourn (corr)"]
[EventRounds "12"]
[EventCountry "GER"]
[SourceTitle "Corr 2015"]
[Source "ChessBase"]
[SourceDate "2015.07.17"]
[SourceVersion "1"]
[SourceVersionDate "2015.07.17"]
[SourceQuality "1"]

1. e4 c5 2. Nf3 d6 3. d4 cxd4 4. Nxd4 Nf6 5. Nc3 a6 6. Be3 e5 7. Nb3 Be6 8. f3 h5 9. Be2 Nbd7 10. a4 Rc8 11. 0-0 Be7 12. a5 h4 13. Qd2 h3 14. g3 0-0 15. Rfd1 Qc7 16. Bf1 Rfd8 17. Qf2 Qc6 18. Rd3 Rb8 19. Ba7 Rbc8 20. Rad1 Nc5 21. Bxc5 dxc5 22. Rxd8+ Bxd8 23. Qxc5 Qxc5+ 24. Nxc5 Bxa5 25. Nxe6 fxe6 26. Bxh3 Rc6 27. Rb1 Kf7 28. Bf1 b5 29. Ra1 Bxc3 30. bxc3 Rxc3 31. Rxa6 Rxf3 32. Ra7+ Kf8 33. Rb7 Nxe4 34. Rxb5 Nd2 35. Be2 Rc3 36. Rxe5 Ke7 37. Bg4 Nf3+ 38. Bxf3 Rxf3 39. Rc5 Kd6 40. Rg5 Rf7 41. Rg6 Ke5 42. h4 Kf5 43. h5 e5 44. Kf2 Ke4+ 45. Ke2 Rc7 46. c3 Ra7 47. Rg4+ Kf5 48. Rc4 Kg5 49. g4 Ra1 50. Re4 Kf6 51. Rb4 Kg5 52. Rb7 Kxg4 53. Rxg7+ Kxh5 54. Kd3 Kh6 55. Rg8 Ra4 56. c4 Ra3+ 57. Ke4 Ra5 58. Rc8 Kg6 59. Rc6+ Kf7 60. c5 Ke7 61. Kd5 Ra1 62. Re6+ Kd8 63. Rb6 Re1 64. Kd6 Kc8 1/2-1/2

[Event "GER-ch41 V03 email"]
[Site "GER email"]
[Date "2010.??.??"]
[Round "?"]
[White "Hirmer, Matthias"]
[Black "Loeffler, Werner"]
[Result "1/2-1/2"]
[WhiteElo "2170"]
[BlackElo "2151"]
[PlyCount "151"]
[EventDate "2010.??.??"]
[EventType "tourn (corr)"]
[EventRounds "12"]
[EventCountry "GER"]
[SourceTitle "Corr 2015"]
[Source "ChessBase"]
[SourceDate "2015.07.17"]
[SourceVersion "1"]
[SourceVersionDate "2015.07.17"]
[SourceQuality "1"]

1. e4 e5 2. Nf3 Nc6 3. Bb5 a6 4. Ba4 Nf6 5. 0-0 Be7 6. Re1 b5 7. Bb3 0-0 8. c3 d5 9. d4 exd4 10. e5 Ne4 11. cxd4 Bf5 12. Nc3 Nxc3 13. bxc3 Qd7 14. Bg5 Ba3 15. Nh4 Bb2 16. Bxd5 Be6 17. Be4 Bxa1 18. Qh5 f5 19. exf6 gxf6 20. Bh6 Bg4 21. Qc5 Rfe8 22. Bd5+ Kh8 23. Rxa1 Qe7 24. f3 Bd7 25. Nf5 Bxf5 26. Bxc6 Qxc5 27. dxc5 Rad8 28. Bxe8 Rxe8 29. a4 Bd3 30. a5 Re5 31. Rd1 Rd5 32. Kf2 Kg8 33. c6 Bc4 34. Rxd5 Bxd5 35. Ke3 Kf7 36. Kd4 Bxc6 37. Kc5 Bb7 38. Bf4 Ke6 39. Bxc7 Bd5 40. Bf4 Bc4 41. Bc1 Bf1 42. g3 f5 43. Ba3 b4 44. Bxb4 Be2 45. f4 Bd3 46. c4 h5 47. Bc3 Be2 48. Be5 Bf1 49. Bc7 Bd3 50. Bb6 Be4 51. Ba7 Bd3 52. Kd4 Bc2 53. Bb6 Bd1 54. Bc5 Bf3 55. Ba3 Bg2 56. Bb2 Be4 57. Ke3 Bc6 58. Bg7 Bg2 59. Kf2 Be4 60. Ke2 Bc6 61. Kd3 Be4+ 62. Kd4 Bf3 63. Kc5 Be2 64. Bc3 Bd3 65. Kd4 Be2 66. Bb4 Bf1 67. c5 Bb5 68. Ba3 Bc6 69. Bc1 Be4 70. Bd2 Bc6 71. Be1 Be4 72. Bf2 Bc6 73. Be3 Bg2 74. h4 Bc6 75. Bf2 Bf3 76. Bg1 1/2-1/2

[Event "GER-ch41 V03 email"]
[Site "GER email"]
[Date "2010.??.??"]
[Round "?"]
[White "Hirmer, Matthias"]
[Black "Oehler, Rolf"]
[Result "1/2-1/2"]
[WhiteElo "2170"]
[BlackElo "1786"]
[PlyCount "108"]
[EventDate "2010.??.??"]
[EventType "tourn (corr)"]
[EventRounds "12"]
[EventCountry "GER"]
[SourceTitle "Corr 2015"]
[Source "ChessBase"]
[SourceDate "2015.07.17"]
[SourceVersion "1"]
[SourceVersionDate "2015.07.17"]
[SourceQuality "1"]

1. e4 e6 2. d4 d5 3. Nc3 Nf6 4. Bg5 dxe4 5. Nxe4 Be7 6. Bxf6 Bxf6 7. Nf3 0-0 8. c3 Nd7 9. Qc2 e5 10. Bd3 exd4 11. cxd4 g6 12. h3 Bg7 13. 0-0 Nf6 14. Nxf6+ Bxf6 15. Bc4 Bf5 16. Qb3 Be4 17. Ne5 Qxd4 18. Nxf7 Kg7 19. Rad1 Qb6 20. Qxb6 axb6 21. Rd7 Bc6 22. Rxc7 Rac8 23. Rxc8 Rxc8 24. b3 Rf8 25. Nd6 Rd8 26. Nb5 Rd7 27. a4 Rd2 28. Re1 h5 29. Na7 Bd4 30. Re2 Rxe2 31. Bxe2 h4 32. Nxc6 bxc6 33. Kf1 g5 34. g3 Kg6 35. Bg4 Kf6 36. Ke2 hxg3 37. fxg3 Ke5 38. Bf3 c5 39. Bb7 Kf6 40. Kf3 Kf5 41. Be4+ Ke5 42. Bd3 Bc3 43. Kg4 Kf6 44. Be4 Be5 45. h4 gxh4 46. gxh4 Bc3 47. h5 Bd2 48. Kf3 Ke6 49. Ke2 Bg5 50. Kd3 Ke5 51. Bg2 Kf6 52. Kc3 Bf4 53. Kc4 Bd2 54. Bf1 Kg5 1/2-1/2

[Event "GER-ch41 V03 email"]
[Site "GER email"]
[Date "2010.??.??"]
[Round "?"]
[White "Kienel, Norbert"]
[Black "Hirmer, Matthias"]
[Result "0-1"]
[WhiteElo "1938"]
[BlackElo "2170"]
[PlyCount "58"]
[EventDate "2010.??.??"]
[EventType "tourn (corr)"]
[EventRounds "12"]
[EventCountry "GER"]
[SourceTitle "Corr 2015"]
[Source "ChessBase"]
[SourceDate "2015.07.17"]
[SourceVersion "1"]
[SourceVersionDate "2015.07.17"]
[SourceQuality "1"]

1. d4 Nf6 2. c4 e6 3. Nc3 Bb4 4. Nf3 d5 5. e3 0-0 6. Bd3 c5 7. 0-0 Nc6 8. cxd5 exd5 9. dxc5 Bxc5 10. b3 Bg4 11. h3 Bh5 12. Be2 Qd6 13. Bb2 a6 14. Na4 Ba7 15. Bxf6 gxf6 16. Nd4 Bg6 17. Nxc6 bxc6 18. Rc1 Kh8 19. Qd2 Rg8 20. g3 h5 21. h4 Rae8 22. Rc3 Re4 23. Rfc1 Rxh4 24. Bf3 Qe5 25. Kf1 Rh2 26. Nc5 h4 27. g4 Bxc5 28. Rxc5 Be4 29. Qe2 Rxg4 0-1

[Event "GER-ch41 V03 email"]
[Site "GER email"]
[Date "2009.05.11"]
[Round "?"]
[White "Hirmer, Matthias"]
[Black "Isigkeit, Hans Juergen"]
[Result "1/2-1/2"]
[WhiteElo "2391"]
[BlackElo "1989"]
[PlyCount "74"]
[EventDate "2009.03.03"]
[EventType "tourn (corr)"]
[EventRounds "10"]
[EventCountry "GER"]
[SourceTitle "Corr 2011"]
[Source "ChessBase"]
[SourceDate "2010.08.31"]
[SourceVersion "1"]
[SourceVersionDate "2010.08.31"]
[SourceQuality "1"]

1. e4 c5 2. Nf3 Nc6 3. d4 cxd4 4. Nxd4 Nf6 5. Nc3 e5 6. Ndb5 d6 7. Bg5 a6 8. Na3 b5 9. Nd5 Be7 10. Bxf6 Bxf6 11. c3 0-0 12. Nc2 Bg5 13. a4 bxa4 14. Nce3 Bxe3 15. Nxe3 Rb8 16. Qxa4 Ne7 17. Qa2 Bb7 18. Bd3 d5 19. 0-0 dxe4 20. Bc4 Qc7 21. Rfd1 g6 22. Qa5 Rfc8 23. g4 Kg7 24. b3 h6 25. h4 f6 26. Qxc7 Rxc7 27. Ra5 Rf8 28. h5 Rfc8 29. b4 Rc6 30. Bd5 Rb6 31. Bxb7 Rxb7 32. Rxa6 Rxc3 33. Rdd6 Ng8 34. b5 Rb3 35. b6 gxh5 36. gxh5 Ne7 37. Nc4 Nf5 1/2-1/2

[Event "GER-ch38 fin email"]
[Site "GER email"]
[Date "2009.??.??"]
[Round "?"]
[White "Lins, Thomas"]
[Black "Hirmer, Matthias"]
[Result "1-0"]
[WhiteElo "2192"]
[BlackElo "2391"]
[PlyCount "161"]
[EventDate "2009.??.??"]
[EventType "tourn (corr)"]
[EventRounds "12"]
[EventCountry "GER"]
[SourceTitle "Corr 2020"]
[Source "ChessBase"]
[SourceDate "2019.09.30"]
[SourceVersion "1"]
[SourceVersionDate "2019.09.30"]
[SourceQuality "1"]

1. d4 Nf6 2. c4 e6 3. Nf3 b6 4. g3 Ba6 5. b3 Bb7 6. Bg2 Bb4+ 7. Bd2 a5 8. 0-0 0-0 9. Qc2 h6 10. a3 Be7 11. Nc3 d5 12. Rfd1 c6 13. Bf4 Nbd7 14. e4 a4 15. Ne5 g5 16. cxd5 cxd5 17. exd5 gxf4 18. dxe6 Bxg2 19. Nxf7 Rxf7 20. exf7+ Kg7 21. Kxg2 axb3 22. Qxb3 Qf8 23. Ne2 Bd6 24. Qf3 fxg3 25. hxg3 Ra5 26. Rdc1 b5 27. Rc6 b4 28. a4 Kxf7 29. Nc1 Kg6 30. Nb3 Rf5 31. Qd3 Nb8 32. Rb6 Nd5 33. Rb7 Qc8 34. Rb5 Qe6 35. a5 Nc6 36. Rc1 Nce7 37. a6 Kg7 38. a7 Bxg3 39. Qxg3+ Rg5 40. a8Q Qe4+ 41. Kh3 Rxg3+ 42. Kxg3 Nf5+ 43. Kh2 Qh4+ 44. Kg1 Qg4+ 45. Kf1 Ng3+ 46. fxg3 Qf3+ 47. Ke1 Qe3+ 48. Kd1 Qxb3+ 49. Kd2 Qe3+ 50. Kc2 Qe2+ 51. Kb3 Qe3+ 52. Ka2 Qxc1 53. Qa7+ Kg6 54. Qa6+ Nf6 55. Rxb4 Qd2+ 56. Ka3 Qc3+ 57. Ka4 Qxg3 58. Qf1 h5 59. Rb6 Qg5 60. Qc4 Qf4 61. Qg8+ Kh6 62. Qf8+ Kg6 63. Qe8+ Kg5 64. Rb5+ Kh6 65. Qe5 Qf3 66. Kb4 Kh7 67. Qf5+ Qxf5 68. Rxf5 Kg6 69. Rf3 h4 70. Kc5 Ne4+ 71. Kd5 Ng5 72. Rf1 h3 73. Ke5 Kh5 74. d5 Kg6 75. Rg1 Kh5 76. Kf4 Nf7 77. Rg3 h2 78. Rh3+ Kg6 79. Rxh2 Kf6 80. Re2 Kg7 81. Re6 1-0

[Event "GER-ch38 fin email"]
[Site "GER email"]
[Date "2009.??.??"]
[Round "?"]
[White "Thiering, Erwin"]
[Black "Hirmer, Matthias"]
[Result "1/2-1/2"]
[WhiteElo "2314"]
[BlackElo "2391"]
[PlyCount "98"]
[EventDate "2009.??.??"]
[EventType "tourn (corr)"]
[EventRounds "12"]
[EventCountry "GER"]
[SourceTitle "Corr 2020"]
[Source "ChessBase"]
[SourceDate "2019.09.30"]
[SourceVersion "1"]
[SourceVersionDate "2019.09.30"]
[SourceQuality "1"]

1. g3 d5 2. Bg2 c6 3. Nf3 Bg4 4. b3 e6 5. Bb2 Nf6 6. d3 Bd6 7. Nbd2 Nbd7 8. 0-0 Qe7 9. a3 0-0 10. Qe1 e5 11. e4 Rfe8 12. h3 Bxf3 13. Nxf3 a5 14. exd5 cxd5 15. Qd2 Qd8 16. Rfe1 Qb6 17. Re2 h6 18. Rae1 e4 19. dxe4 dxe4 20. Nd4 Rad8 21. Bxe4 Nxe4 22. Rxe4 Rxe4 23. Rxe4 Nf6 24. Re1 Bc5 25. c3 Bxd4 26. cxd4 Qxb3 27. Qxa5 Rc8 28. Re2 Nd5 29. Qe1 Qb5 30. Qd2 Qb3 31. Kg2 b6 32. Qe1 Nf6 33. h4 Qd5+ 34. Kg1 Qb3 35. Rd2 Qd5 36. Qe5 Qc4 37. Qe2 Qd5 38. Qd3 Ne4 39. Rc2 Rxc2 40. Qxc2 b5 41. Qe2 f6 42. Qf3 g5 43. hxg5 hxg5 44. Qd3 Kf7 45. g4 f5 46. Qf3 f4 47. Qd3 Qe6 48. f3 Nd6 49. d5 Qe1+ 1/2-1/2

[Event "GER-ch40 V03 email"]
[Site "GER email"]
[Date "2008.??.??"]
[Round "?"]
[White "Blau, Dieter"]
[Black "Hirmer, Matthias"]
[Result "0-1"]
[WhiteElo "2125"]
[BlackElo "2391"]
[PlyCount "64"]
[EventDate "2008.??.??"]
[EventType "tourn (corr)"]
[EventRounds "10"]
[EventCountry "GER"]
[SourceTitle "Corr 2011"]
[Source "ChessBase"]
[SourceDate "2010.08.31"]
[SourceVersion "1"]
[SourceVersionDate "2010.08.31"]
[SourceQuality "1"]

1. d4 Nf6 2. c4 e6 3. Nf3 b6 4. g3 Ba6 5. b3 Bb4+ 6. Bd2 Be7 7. Bg2 c6 8. Bc3 d5 9. Ne5 Nfd7 10. Nxd7 Nxd7 11. Nd2 0-0 12. 0-0 Rc8 13. e4 b5 14. Re1 bxc4 15. bxc4 dxc4 16. Qa4 Bb5 17. Qc2 Re8 18. a4 Ba6 19. a5 Nf6 20. Rad1 Qd7 21. Nf1 Rb8 22. Ne3 Bb4 23. Rb1 c5 24. d5 exd5 25. exd5 h5 26. h3 Rb5 27. Red1 Bxc3 28. Qxc3 Ne4 29. Bxe4 Rxe4 30. Qc2 Rd4 31. Nf5 Rd3 32. Ne7+ Qxe7 0-1

[Event "GER-ch40 V03 email"]
[Site "GER email"]
[Date "2008.??.??"]
[Round "?"]
[White "Fabig, Holger"]
[Black "Hirmer, Matthias"]
[Result "0-1"]
[WhiteElo "2049"]
[BlackElo "2243"]
[PlyCount "68"]
[EventDate "2008.??.??"]
[EventType "tourn (corr)"]
[EventRounds "10"]
[EventCountry "GER"]
[SourceTitle "Corr 2011"]
[Source "ChessBase"]
[SourceDate "2010.08.31"]
[SourceVersion "1"]
[SourceVersionDate "2010.08.31"]
[SourceQuality "1"]

1. e4 c5 2. Nf3 d6 3. d4 cxd4 4. Nxd4 Nf6 5. Nc3 a6 6. Bg5 e6 7. f4 Qb6 8. Qd2 Qxb2 9. Rb1 Qa3 10. f5 Nc6 11. fxe6 fxe6 12. Nxc6 bxc6 13. e5 dxe5 14. Bxf6 gxf6 15. Ne4 Be7 16. Be2 h5 17. Rb3 Qa4 18. Nxf6+ Bxf6 19. 0-0 Qh4 20. Qd6 Qd4+ 21. Qxd4 exd4 22. Rxf6 Ke7 23. Rg6 Bd7 24. Rb4 c5 25. Rb6 Rag8 26. Rxg8 Rxg8 27. Rxa6 h4 28. Bf3 h3 29. Kf2 hxg2 30. Bxg2 c4 31. Bc6 Rf8+ 32. Ke2 Be8 33. Ra8 e5 34. a4 Kd6 0-1

[Event "GER-ch40 V03 email"]
[Site "GER email"]
[Date "2008.??.??"]
[Round "?"]
[White "Hechler, Georg"]
[Black "Hirmer, Matthias"]
[Result "1/2-1/2"]
[WhiteElo "2296"]
[BlackElo "2243"]
[PlyCount "98"]
[EventDate "2008.??.??"]
[EventType "tourn (corr)"]
[EventRounds "10"]
[EventCountry "GER"]
[SourceTitle "Corr 2011"]
[Source "ChessBase"]
[SourceDate "2010.08.31"]
[SourceVersion "1"]
[SourceVersionDate "2010.08.31"]
[SourceQuality "1"]

1. e4 c5 2. Nf3 d6 3. d4 cxd4 4. Nxd4 Nf6 5. Nc3 a6 6. Bg5 e6 7. f4 Qb6 8. Qd2 Qxb2 9. Rb1 Qa3 10. Bxf6 gxf6 11. Be2 Nc6 12. Nxc6 bxc6 13. 0-0 Qa5 14. Kh1 Be7 15. Rb3 h5 16. Qe3 h4 17. Bg4 Qc5 18. Qxc5 dxc5 19. e5 0-0 20. Bf3 Rd8 21. Rb6 Ra7 22. Rxc6 fxe5 23. fxe5 Rad7 24. h3 Bb7 25. Rb6 Bxf3 26. gxf3 Rd2 27. Rg1+ Kf8 28. Ne4 R2d5 29. f4 Rd4 30. Ng5 Bxg5 31. fxg5 Re4 32. Rxa6 Re3 33. g6 Rxh3+ 34. Kg2 Rg3+ 35. Kh1 Rxg1+ 36. Kxg1 Rd2 37. Ra8+ Kg7 38. gxf7 Kxf7 39. a4 Rxc2 40. a5 Ra2 41. a6 Kg6 42. a7 Kg7 43. Kf1 c4 44. Rc8 Rxa7 45. Rxc4 h3 46. Kg1 Ra2 47. Rc3 Re2 48. Rxh3 Kf7 49. Kf1 Rxe5 1/2-1/2

[Event "GER-ch40 V03 email"]
[Site "GER email"]
[Date "2008.??.??"]
[Round "?"]
[White "Hirmer, Matthias"]
[Black "Heide, Eckhard"]
[Result "1-0"]
[WhiteElo "2243"]
[BlackElo "2250"]
[PlyCount "63"]
[EventDate "2008.??.??"]
[EventType "tourn (corr)"]
[EventRounds "10"]
[EventCountry "GER"]
[SourceTitle "Corr 2011"]
[Source "ChessBase"]
[SourceDate "2010.08.31"]
[SourceVersion "1"]
[SourceVersionDate "2010.08.31"]
[SourceQuality "1"]

1. e4 c5 2. Nf3 Nc6 3. d4 cxd4 4. Nxd4 Nf6 5. Nc3 e5 6. Ndb5 d6 7. Bg5 a6 8. Na3 b5 9. Nd5 Be7 10. Bxf6 Bxf6 11. c3 Bg5 12. Nc2 Ne7 13. Ncb4 0-0 14. a4 bxa4 15. Qxa4 Nxd5 16. Nxd5 Bd7 17. Qd1 a5 18. Bc4 Kh8 19. 0-0 f5 20. exf5 Bxf5 21. Bd3 Be6 22. b3 a4 23. bxa4 Qa5 24. Be4 Qc5 25. c4 Ra5 26. Qd3 g6 27. Bxg6 hxg6 28. Qxg6 Bd8 29. Rae1 Qxc4 30. Qh6+ Kg8 31. Re3 Qg4 32. Rg3 1-0

[Event "GER-ch40 V03 email"]
[Site "GER email"]
[Date "2008.??.??"]
[Round "?"]
[White "Hirmer, Matthias"]
[Black "Koch, Hans Georg"]
[Result "1/2-1/2"]
[WhiteElo "2243"]
[BlackElo "2140"]
[PlyCount "63"]
[EventDate "2008.??.??"]
[EventType "tourn (corr)"]
[EventRounds "10"]
[EventCountry "GER"]
[SourceTitle "Corr 2011"]
[Source "ChessBase"]
[SourceDate "2010.08.31"]
[SourceVersion "1"]
[SourceVersionDate "2010.08.31"]
[SourceQuality "1"]

1. e4 c5 2. Nf3 Nc6 3. d4 cxd4 4. Nxd4 Nf6 5. Nc3 e5 6. Ndb5 d6 7. Bg5 a6 8. Na3 b5 9. Nd5 Be7 10. Bxf6 Bxf6 11. c3 Bg5 12. Nc2 Ne7 13. Ncb4 0-0 14. a4 bxa4 15. Qxa4 Nxd5 16. Nxd5 Bd7 17. Qd1 a5 18. Bc4 Kh8 19. 0-0 f5 20. exf5 Bxf5 21. Qe2 Qb8 22. Bd3 Bxd3 23. Qxd3 Qxb2 24. Ra4 Bd8 25. Raa1 Qb7 26. Rfb1 Qa7 27. Ra2 Rb8 28. Rb5 g6 29. g3 Rf7 30. Rab2 Rxb5 31. Qxb5 Kg7 32. h4 1/2-1/2

[Event "GER-ch40 V03 email"]
[Site "GER email"]
[Date "2008.??.??"]
[Round "?"]
[White "Hirmer, Matthias"]
[Black "Kuhn, Wilfried"]
[Result "1/2-1/2"]
[WhiteElo "2243"]
[BlackElo "2125"]
[PlyCount "89"]
[EventDate "2008.??.??"]
[EventType "tourn (corr)"]
[EventRounds "10"]
[EventCountry "GER"]
[SourceTitle "Corr 2011"]
[Source "ChessBase"]
[SourceDate "2010.08.31"]
[SourceVersion "1"]
[SourceVersionDate "2010.08.31"]
[SourceQuality "1"]

1. e4 e5 2. Nf3 Nc6 3. Bb5 a6 4. Ba4 Nf6 5. 0-0 Be7 6. Re1 b5 7. Bb3 0-0 8. c3 d5 9. exd5 Nxd5 10. Nxe5 Nxe5 11. Rxe5 c6 12. d4 Bd6 13. Re1 Qh4 14. g3 Qh3 15. Bf4 Bg4 16. Qd3 Rae8 17. Nd2 Qh5 18. a4 Re6 19. axb5 axb5 20. Qf1 h6 21. f3 Bh3 22. Qf2 Bf5 23. Ne4 Bxe4 24. fxe4 Rxe4 25. Bc2 Ree8 26. Bd2 Rxe1+ 27. Rxe1 Nf6 28. Qg2 Rc8 29. Rf1 Re8 30. Bd1 Qd5 31. Bxh6 gxh6 32. Rxf6 Re1+ 33. Kf2 Qxg2+ 34. Kxg2 Be7 35. Rf1 Rxf1 36. Kxf1 b4 37. Ke2 c5 38. d5 bxc3 39. bxc3 Bd6 40. Kd3 Kf8 41. Kc4 Ke7 42. Bg4 Kd8 43. Bh5 f6 44. Bg4 Kc7 45. Be6 1/2-1/2